Pasando páginas : la historia de mi vida / (Record no. 24771)

MARC details
000 -LEADER
fixed length control field 02050cam a2200469 i 4500
001 - CONTROL NUMBER
control field sjds20482634
003 - CONTROL NUMBER IDENTIFIER
control field sjds
005 - DATE AND TIME OF LATEST TRANSACTION
control field 20230207180043.0
008 - FIXED-LENGTH DATA ELEMENTS--GENERAL INFORMATION
fixed length control field 180504s2018 nyua j 000 0aeng
010 ## - LIBRARY OF CONGRESS CONTROL NUMBER
LC control number 2018012361
020 ## - INTERNATIONAL STANDARD BOOK NUMBER
International Standard Book Number 9780525515494 (hardback)
040 ## - CATALOGING SOURCE
Original cataloging agency DLC
Language of cataloging eng
Transcribing agency DLC
Description conventions rda
Modifying agency DLC
041 ## - LANGUAGE CODE
Language code of text/sound track or separate title spa
042 ## - AUTHENTICATION CODE
Authentication code pcc
043 ## - GEOGRAPHIC AREA CODE
Geographic area code n-us---
050 00 - LIBRARY OF CONGRESS CALL NUMBER
Classification number KF8745.S67
Item number A3 2018b
082 00 - DEWEY DECIMAL CLASSIFICATION NUMBER
Classification number 347.73/2634
-- B
Edition number 23
084 ## - OTHER CLASSIFICATION NUMBER
Classification number JNF007070
-- JNF007120
-- JNF018030
Number source bisacsh
100 1# - MAIN ENTRY--PERSONAL NAME
Personal name Sotomayor, Sonia,
Dates associated with a name 1954-
Relator term author.
240 10 - UNIFORM TITLE
Uniform title <a href="Turning pages.">Turning pages.</a>
Language of a work Spanish
245 10 - TITLE STATEMENT
Title Pasando páginas : la historia de mi vida /
Statement of responsibility, etc. Sonia Sotomayor ; ilustrado por Lulu Delacre, traducido por Teresa Mlawer.
250 ## - EDITION STATEMENT
Edition statement First Spanish language edition, 2018.
260 ## - PUBLICATION, DISTRIBUTION, ETC. (IMPRINT)
Place of publication, distribution, etc. New York, NY :
Name of publisher, distributor, etc. Philomel Books,
Date of publication, distribution, etc. 2018.
264 #1 - PRODUCTION, PUBLICATION, DISTRIBUTION, MANUFACTURE, AND COPYRIGHT NOTICE
Place of production, publication, distribution, manufacture New York, NY :
Name of producer, publisher, distributor, manufacturer Philomel Books,
Date of production, publication, distribution, manufacture, or copyright notice 2018.
300 ## - PHYSICAL DESCRIPTION
Extent 32 unnumbered pages :
Other physical details color illustrations ;
Dimensions 28 cm
336 ## - CONTENT TYPE
Content type term text
Content type code txt
Source rdacontent
337 ## - MEDIA TYPE
Media type term unmediated
Media type code n
Source rdamedia
338 ## - CARRIER TYPE
Carrier type term volume
Carrier type code nc
Source rdacarrier
500 ## - GENERAL NOTE
General note LC copy 1 signed by author.
Institution to which field applies DLC
520 ## - SUMMARY, ETC.
Summary, etc. "A Spanish translation of the picture book autobiography of Sonia Sotomayor, Turning Pages"--
Assigning source Provided by publisher.
600 10 - SUBJECT ADDED ENTRY--PERSONAL NAME
Personal name Sotomayor, Sonia,
Dates associated with a name 1954-
Form subdivision Juvenile literature.
610 10 - SUBJECT ADDED ENTRY--CORPORATE NAME
Corporate name or jurisdiction name as entry element United States.
Subordinate unit Supreme Court
General subdivision Officials and employees
Form subdivision Biography
-- Juvenile literature.
650 #0 - SUBJECT ADDED ENTRY--TOPICAL TERM
Topical term or geographic name as entry element Hispanic American judges
Form subdivision Biography
-- Juvenile literature.
650 #0 - SUBJECT ADDED ENTRY--TOPICAL TERM
Topical term or geographic name as entry element Judges
Geographic subdivision United States
Form subdivision Biography
-- Juvenile literature.
650 #7 - SUBJECT ADDED ENTRY--TOPICAL TERM
Topical term or geographic name as entry element JUVENILE NONFICTION / Biography & Autobiography / Political.
Source of heading or term bisacsh
650 #7 - SUBJECT ADDED ENTRY--TOPICAL TERM
Topical term or geographic name as entry element JUVENILE NONFICTION / Biography & Autobiography / Women.
Source of heading or term bisacsh
650 #7 - SUBJECT ADDED ENTRY--TOPICAL TERM
Topical term or geographic name as entry element JUVENILE NONFICTION / People & Places / United States / Hispanic & Latino.
Source of heading or term bisacsh
700 1# - ADDED ENTRY--PERSONAL NAME
Personal name Delacre, Lulu,
Relator term illustrator.
700 1# - ADDED ENTRY--PERSONAL NAME
Personal name Mlawer, Teresa,
Title of a work translator.
765 0# - ORIGINAL LANGUAGE ENTRY
Main entry heading Sotomayor, Sonia, 1954- .
Title Turning pages.
Place, publisher, and date of publication New York : Philomel Books, 2018.
Record control number 2018007247.
International Standard Book Number 9780525514084.
942 ## - ADDED ENTRY ELEMENTS (KOHA)
Koha item type Libro/Book
Holdings
Withdrawn status Lost status Damaged status Not for loan Home library Current library Date acquired Total Checkouts Full call number Barcode Checked out Date last seen Date checked out Price effective from Koha item type
        San Juan Del Sur -- Mobile Las delicias 31/08/2020 1 JI 33015816 09/03/2022 02/02/2022 02/02/2022 31/08/2020 Libro/Book

Powered by Koha